| 000 | 00641cam a22002171 4500 | ||
|---|---|---|---|
| 001 | sa 68000699 | ||
| 003 | DLC | ||
| 005 | 20260227112426.0 | ||
| 008 | 720403s1967 ii b 00000 eng | ||
| 010 | _asa 68000699 //r84 | ||
| 043 | _aa-ii--- | ||
| 050 | 0 |
_aLB1568.I4 _bA53 |
|
| 082 | _a372.9/54 | ||
| 110 | 1 | 0 |
_aIndia. _bPlanning Commission. _bProgramme Evaluation Organisation. |
| 245 | 1 | 0 | _aProblems of extension of primary education in rural areas. |
| 260 | 1 |
_a[New Delhi] _c1965 [i.e. 1967] |
|
| 300 |
_avii, 254 p. _c24 cm. |
||
| 350 |
_aRs2.95 _a$1.07 |
||
| 504 | _aBibliographical footnotes. | ||
| 650 | 0 |
_aRural schools _zIndia. |
|
| 999 |
_c77394 _d77394 |
||